00448 2200181 4500001002100000005001500021035002000036245004400056100002200100300001000122260002000132082001000152084001700162020001800179008004100197650001700238990001100255INLIS00000000000155820241001010013 a0010-10230000041 aGolden Age Vol. 02 /cSamukawa Kazuyuki0 aSamukawa Kazuyuki bilust bGramedia,c2001 a741.5 a741.5 SAM g a979-20-6120-7241001 0  4aKomik Jepang a002889